000 00447nam a2200181Ia 4500
008 240925s9999 xx 000 0 und d
020 _a74624008
082 _a621.317 SEN
100 _aSen , P.C
245 0 _aPower Electronics
250 _aNA
260 _aNew Delhi:
_bTata McGraw Hill
_c,2001.
300 _axix,973p.
_bNA
_fOriginal
500 _aIncludes Index
600 _aElectronic Engineering
650 _aTechnology
942 _cBK
999 _c6635
_d6635